| 000 | 00623nam a2200229Ia 4500 | ||
|---|---|---|---|
| 003 | OSt | ||
| 005 | 20220918192250.0 | ||
| 006 | a|||||r|||| 00| 0 | ||
| 007 | ta | ||
| 008 | 220917b |||||||| |||| 00| 0 eng d | ||
| 024 | _a67,724 | ||
| 037 | _cTextual | ||
| 040 |
_aARTS _cARTS _beng |
||
| 041 |
_2eng _aeng |
||
| 082 | _aR3xM46, K4-;1 (WR) | ||
| 100 | _aEliot T S | ||
| 245 | 0 | _aKnowledge and experience in the philosophy of F H Bradley | |
| 260 |
_aLondon _bFaber and Faber _c1974 |
||
| 300 |
_a216p. _ccm. |
||
| 942 |
_hR3xM46, K4-;1 (WR) _cTEXL _2CC |
||
| 999 |
_c193957 _d193957 |
||